MARC details
| 000 -LEADER |
| fixed length control field |
02205cam a2200421 i 4500 |
| 001 - CONTROL NUMBER |
| control field |
15122166 |
| 003 - CONTROL NUMBER IDENTIFIER |
| control field |
EG-ScBUE |
| 005 - DATE AND TIME OF LATEST TRANSACTION |
| control field |
20240530120912.0 |
| 008 - FIXED-LENGTH DATA ELEMENTS--GENERAL INFORMATION |
| fixed length control field |
071226r20072010enkab f b 001 0 eng d |
| 020 ## - INTERNATIONAL STANDARD BOOK NUMBER |
| International Standard Book Number |
9780521716529 (pbk.) |
| 040 ## - CATALOGING SOURCE |
| Original cataloging agency |
DLC |
| Language of cataloging |
eng |
| Description conventions |
rda |
| Transcribing agency |
DLC |
| Modifying agency |
DLC |
| -- |
EG-ScBUE |
| 082 04 - DEWEY DECIMAL CLASSIFICATION NUMBER |
| Classification number |
956.94054 |
| Edition number |
22 |
| Item number |
GEL |
| 100 1# - MAIN ENTRY--PERSONAL NAME |
| Personal name |
Gelvin, James L., |
| Dates associated with a name |
1951- |
| Relator term |
author. |
| 9 (RLIN) |
29306 |
| 245 14 - TITLE STATEMENT |
| Title |
The Israel-Palestine conflict : |
| Remainder of title |
one hundred years of war / |
| Statement of responsibility, etc |
James L. Gelvin, University of California, Los Angeles. |
| 250 ## - EDITION STATEMENT |
| Edition statement |
Second edition. |
| 250 ## - EDITION STATEMENT |
| Edition statement |
Reprint edition. |
| 264 #1 - PUBLICATION, DISTRIBUTION, ETC. (IMPRINT) |
| Place of publication, distribution, etc |
Cambridge ; |
| -- |
New York : |
| Name of publisher, distributor, etc |
Cambridge University Press, |
| Date of publication, distribution, etc |
2010. |
| 300 ## - PHYSICAL DESCRIPTION |
| Extent |
x, 296 pages : |
| Other physical details |
illustrations, maps ; |
| Dimensions |
23 cm |
| 336 ## - CONTENT TYPE |
| Source |
rdacontent |
| Content type term |
text |
| Content type code |
txt |
| 337 ## - MEDIA TYPE |
| Media type term |
unmediated |
| Source |
rdamedia |
| Media type code |
n |
| 338 ## - CARRIER TYPE |
| Carrier type term |
volume |
| Carrier type code |
nc |
| Source |
rdacarrier |
| 504 ## - BIBLIOGRAPHY, ETC. NOTE |
| Bibliography, etc |
Includes bibliographical references and index.<br/> |
| 505 0# - FORMATTED CONTENTS NOTE |
| Formatted contents note |
The land and its lure -- Cultures of nationalism -- Zionism and the colonization of Palestine -- World War I and the Palestine Mandate -- From nationalism in Palestine to Palestinian nationalism -- From the great revolt through the 1948 War -- Zionism and Palestinian nationalism: a closer look -- The Arab-Israeli conflict -- The Palestinian national movement comes of age -- The rise and fall of the Oslo Accord. |
| 650 #7 - SUBJECT ADDED ENTRY--TOPICAL TERM |
| Topical term or geographic name as entry element |
Arab-Israeli conflict. |
| Source of heading or term |
BUEsh |
| 9 (RLIN) |
29307 |
| 650 #7 - SUBJECT ADDED ENTRY--TOPICAL TERM |
| Topical term or geographic name as entry element |
Arab-Israeli conflict |
| Chronological subdivision |
1993- |
| General subdivision |
Peace. |
| Source of heading or term |
BUEsh |
| 9 (RLIN) |
29308 |
| 650 #7 - SUBJECT ADDED ENTRY--TOPICAL TERM |
| Topical term or geographic name as entry element |
Jews |
| Geographic subdivision |
Israel |
| General subdivision |
Politics and government |
| Chronological subdivision |
20th century. |
| Source of heading or term |
BUEsh |
| 9 (RLIN) |
29309 |
| 650 #7 - SUBJECT ADDED ENTRY--TOPICAL TERM |
| Topical term or geographic name as entry element |
Palestinian Arabs |
| General subdivision |
Politics and government |
| Chronological subdivision |
20th century. |
| Source of heading or term |
BUEsh |
| 9 (RLIN) |
29310 |
| 650 #7 - SUBJECT ADDED ENTRY--TOPICAL TERM |
| Topical term or geographic name as entry element |
Jewish nationalism |
| Geographic subdivision |
Israel. |
| Source of heading or term |
BUEsh |
| 9 (RLIN) |
29311 |
| 650 #7 - SUBJECT ADDED ENTRY--TOPICAL TERM |
| Topical term or geographic name as entry element |
Arab nationalism |
| Geographic subdivision |
Gaza Strip. |
| Source of heading or term |
BUEsh |
| 9 (RLIN) |
29312 |
| 650 #7 - SUBJECT ADDED ENTRY--TOPICAL TERM |
| Topical term or geographic name as entry element |
Arab nationalism |
| Geographic subdivision |
West Bank. |
| Source of heading or term |
BUEsh |
| 9 (RLIN) |
29313 |
| 650 #7 - SUBJECT ADDED ENTRY--TOPICAL TERM |
| Topical term or geographic name as entry element |
Nationalism |
| Geographic subdivision |
Israel. |
| Source of heading or term |
BUEsh |
| 9 (RLIN) |
29314 |
| 650 #7 - SUBJECT ADDED ENTRY--TOPICAL TERM |
| Topical term or geographic name as entry element |
Nationalism |
| Geographic subdivision |
Gaza Strip. |
| Source of heading or term |
BUEsh |
| 9 (RLIN) |
29315 |
| 650 #7 - SUBJECT ADDED ENTRY--TOPICAL TERM |
| Topical term or geographic name as entry element |
Nationalism |
| Geographic subdivision |
West Bank. |
| Source of heading or term |
BUEsh |
| 9 (RLIN) |
29316 |
| 653 ## - INDEX TERM--UNCONTROLLED |
| Arrived date list |
March2012 |
| 655 ## - INDEX TERM--GENRE/FORM |
| Form subdivision |
Reading book |
| 942 ## - ADDED ENTRY ELEMENTS (KOHA) |
| Source of classification or shelving scheme |
Dewey Decimal Classification |
| Koha item type |
Book - Borrowing |